[Event "HUN-chT2 Barcza 1718"]
[Site "Hungary"]
[Date "2018.05.06"]
[Round "11.7"]
[White "Kovacs, Tamas"]
[Black "Oravecz, Jozsef"]
[Result "1-0"]
[WhiteElo "2103"]
[BlackElo "1744"]
[PlyCount "67"]
[EventDate "2017.09.24"]
[EventType "team-tourn"]
[EventRounds "11"]
[EventCountry "HUN"]
[SourceTitle "EXT 2021"]
[Source "ChessBase"]
[SourceDate "2020.10.23"]
[SourceVersion "1"]
[SourceVersionDate "2020.10.23"]
[SourceQuality "1"]
[WhiteTeam "Lillafured DVTK II"]
[BlackTeam "Szirmabesenyo"]
[WhiteTeamCountry "HUN"]
[BlackTeamCountry "HUN"]

1. d4 e6 2. c4 c5 3. d5 d6 4. Nc3 a6 5. a4 Nf6 6. Nf3 Be7 7. e4 0-0 8. h3 Kh8 9. Be3 Qa5 10. Qd2 Nbd7 11. Bd3 Ne5 12. Nxe5 dxe5 13. 0-0 Qc7 14. Rad1 Bd6 15. Bc2 Rd8 16. Bg5 Be7 17. Ne2 h6 18. Be3 Ne8 19. Ng3 Bf8 20. Qc3 f6 21. Qd3 Qf7 22. dxe6 Bxe6 23. Qxd8 Rxd8 24. Rxd8 Be7 25. Rd2 Bxc4 26. Rfd1 Be6 27. Nf5 Bxf5 28. exf5 Qc4 29. b3 Qc3 30. Be4 c4 31. Rd7 Nd6 32. Rxe7 Nxe4 33. Rd8+ Kh7 34. Ree8 1-0

[Event "HUN-chT2 Barcza 1112 "]
[Site "Hungary"]
[Date "2012.03.11"]
[Round "7"]
[White "Oravecz, Jozsef"]
[Black "Forgacs, Laszlo"]
[Result "0-1"]
[WhiteElo "1744"]
[BlackElo "1592"]
[PlyCount "120"]
[EventDate "2011.09.25"]
[EventType "team-tourn"]
[EventRounds "11"]
[EventCountry "HUN"]
[SourceTitle "EXT 2013"]
[Source "ChessBase"]
[SourceDate "2012.11.22"]
[SourceVersion "1"]
[SourceVersionDate "2012.11.22"]
[SourceQuality "1"]
[WhiteTeam "Sajoszentpeter"]
[BlackTeam "DEAC"]
[WhiteTeamCountry "HUN"]
[BlackTeamCountry "HUN"]

1. e4 e5 2. Bc4 Nf6 3. Nc3 Bc5 4. Nf3 Nc6 5. d3 h6 6. Na4 Be7 7. a3 a6 8. Nc3 0-0 9. Be3 Ng4 10. Nd5 Nxe3 11. Nxe7+ Qxe7 12. fxe3 d6 13. 0-0 Be6 14. Bd5 Nd8 15. b4 c6 16. Ba2 Bxa2 17. Rxa2 a5 18. Rb2 axb4 19. axb4 Qe6 20. Rf2 b5 21. Nh4 g6 22. Qb1 Ra4 23. c3 Qe7 24. Nf3 Qa7 25. Ra2 Rxa2 26. Qxa2 Qxe3 27. Qd2 Qxd2 28. Rxd2 Ne6 29. g3 Ra8 30. Kf2 Ra3 31. Rc2 f5 32. exf5 gxf5 33. Nh4 Ng7 34. Ke3 Kf7 35. Nf3 Ke6 36. Nd2 Nh5 37. Nb1 Ra1 38. Nd2 f4+ 39. Kf3 fxg3 40. hxg3 Rg1 41. Ne4 d5 42. Nc5+ Kf5 43. Rg2 Rxg2 44. Kxg2 e4 45. Kf2 exd3 46. Nxd3 Nf6 47. Kf3 Ne4 48. g4+ Ke6 49. Nf4+ Kd6 50. Ne2 Ke5 51. Ke3 Nxc3 52. Nd4 Nd1+ 53. Kd3 Nf2+ 54. Kc3 Nxg4 55. Nxc6+ Ke4 56. Nd4 h5 57. Nxb5 h4 58. Nd4 h3 59. Ne2 h2 60. Ng3+ Kf3 0-1

[Event "HUN-chT2 Barcza 1112 "]
[Site "Hungary"]
[Date "2011.09.25"]
[Round "1"]
[White "Oravecz, Jozsef"]
[Black "Czina, Peter"]
[Result "1/2-1/2"]
[WhiteElo "1744"]
[BlackElo "1738"]
[PlyCount "72"]
[EventDate "2011.09.25"]
[EventType "team-tourn"]
[EventRounds "11"]
[EventCountry "HUN"]
[SourceTitle "EXT 2013"]
[Source "ChessBase"]
[SourceDate "2012.11.22"]
[SourceVersion "1"]
[SourceVersionDate "2012.11.22"]
[SourceQuality "1"]
[WhiteTeam "Sajoszentpeter"]
[BlackTeam "Nadudvar"]
[WhiteTeamCountry "HUN"]
[BlackTeamCountry "HUN"]

1. e4 c5 2. Nf3 Nc6 3. a3 g6 4. Bc4 Bg7 5. c3 e6 6. 0-0 Nge7 7. d4 d5 8. exd5 exd5 9. Bb5 c4 10. Bxc6+ bxc6 11. Bf4 Bg4 12. Nbd2 0-0 13. h3 Bxf3 14. Nxf3 f6 15. Qd2 Re8 16. Rfe1 Qd7 17. Re2 Nf5 18. Rae1 Kf7 19. g4 Rxe2 20. Qxe2 Nd6 21. Bxd6 Qxd6 22. g5 f5 23. Ne5+ Bxe5 24. Qxe5 Qxe5 25. Rxe5 Re8 26. f4 Rb8 27. Re2 a6 28. h4 Re8 29. Rxe8 Kxe8 30. a4 Kd7 31. Kf2 Kd6 32. Ke2 Kc7 33. Kd2 Kd6 34. Kc2 c5 35. b3 cxb3+ 36. Kxb3 c4+ 1/2-1/2

[Event "HUN-chT2 Barcza 1011"]
[Site "Hungary"]
[Date "2010.10.10"]
[Round "3.11"]
[White "Oravecz, Jozsef"]
[Black "Nemeti, Kornel"]
[Result "0-1"]
[WhiteElo "1712"]
[BlackElo "1630"]
[PlyCount "100"]
[EventDate "2010.09.12"]
[EventType "team-tourn"]
[EventRounds "11"]
[EventCountry "HUN"]
[SourceTitle "EXT 2012"]
[Source "ChessBase"]
[SourceDate "2011.11.24"]
[SourceVersion "1"]
[SourceVersionDate "2011.11.24"]
[SourceQuality "1"]
[WhiteTeam "Sajoszentpeter"]
[BlackTeam "Debrecen Betu"]
[WhiteTeamCountry "HUN"]
[BlackTeamCountry "HUN"]

1. e4 c5 2. Nf3 Nc6 3. a3 d6 4. Bc4 Nf6 5. d3 Bg4 6. Be3 g6 7. Nbd2 Bg7 8. c3 0-0 9. h3 Bd7 10. 0-0 a6 11. Rc1 b5 12. Ba2 Rc8 13. Qe2 Na5 14. Nh2 Bc6 15. Ndf3 Bb7 16. Ng5 c4 17. dxc4 Nxc4 18. Bxc4 Rxc4 19. Rfd1 Nxe4 20. Nxe4 Bxe4 21. b3 Rc8 22. Bg5 f6 23. Qxe4 fxg5 24. c4 Kh8 25. cxb5 Rxc1 26. Rxc1 axb5 27. Re1 Qa5 28. a4 bxa4 29. bxa4 e5 30. Rb1 d5 31. Qc2 Ra8 32. Nf3 Bf6 33. Qc6 Rf8 34. Qd6 Qd8 35. Rb6 e4 36. Nh2 Bd4 37. Qxd8 Rxd8 38. Rb3 Bc5 39. Rb5 Ba3 40. Kf1 d4 41. Ke1 d3 42. Nf1 Rd4 43. Kd1 Rxa4 44. Rb1 Bc5 45. Ne3 Ra2 46. Ng4 Bxf2 47. Rb7 e3 48. Rb8+ Kg7 49. Rb7+ Kf8 50. Rb8+ Ke7 0-1

[Event "HUN-chT2 Barcza 0809"]
[Site "Hungary"]
[Date "2009.02.08"]
[Round "7.11"]
[White "Oravecz, Jozsef"]
[Black "Kemendi, Daniel"]
[Result "1-0"]
[WhiteElo "1698"]
[BlackElo "1711"]
[PlyCount "71"]
[EventDate "2008.10.26"]
[EventType "team-tourn"]
[EventRounds "11"]
[EventCountry "HUN"]
[SourceTitle "EXT 2010"]
[Source "ChessBase"]
[SourceDate "2010.11.25"]
[SourceVersion "1"]
[SourceVersionDate "2010.11.25"]
[SourceQuality "1"]
[WhiteTeam "SSASSE"]
[BlackTeam "Miskolc EMSE II"]
[WhiteTeamCountry "HUN"]
[BlackTeamCountry "HUN"]

1. e4 c6 2. d4 d5 3. e5 Bf5 4. Bd3 Bxd3 5. Qxd3 e6 6. Nf3 Nd7 7. b3 c5 8. c3 cxd4 9. cxd4 Ne7 10. 0-0 Nc6 11. Bd2 Be7 12. a3 a6 13. Be3 0-0 14. Nbd2 b5 15. b4 Qb6 16. Nb3 a5 17. Nc5 Rfd8 18. Bd2 Ndb8 19. Rfb1 a4 20. Rf1 Nd7 21. Ng5 Nf8 22. Nf3 Ng6 23. Rac1 Rac8 24. Bg5 Bxg5 25. Nxg5 Nce7 26. f4 h6 27. Nh3 Nc6 28. Rcd1 Nh4 29. g4 Rc7 30. f5 exf5 31. gxf5 g6 32. Qg3 g5 33. Nxg5 hxg5 34. Qxg5+ Ng6 35. fxg6 fxg6 36. Rf6 1-0